| 000 | 007190000a22002050004500 | ||
|---|---|---|---|
| 020 | _a84-8169-431-2 | ||
| 041 | 0 | _aSPA | |
| 082 | 0 | 4 | _aG 270.1 S8175h |
| 100 | 1 | _aStegemann, Ekkehard | |
| 245 | 1 | 0 | _aHistoria social del cristianismo primitivo : Los inicios en el judaísmo y las comunidades cristianas en el mundo mediterráneo / Ekkehard W. Stegemann y Wolfgang Stegemann ; Miguel Montes, Traductor |
| 260 | _aEstella, Navarra : Verbo Divino | ||
| 300 | _a615 Pag | ||
| 440 | 0 | _aColección Ágora | |
| 500 | _aTítulo original : Urchristliche sozialgeschichte | ||
| 001 | 8322 | ||
| 942 | _cBK | ||
| 999 |
_c38495 _d38495 |
||
| 336 |
_atexto _btxt _2rdacontent |
||
| 337 |
_2rdamedia _asin mediación _bn |
||
| 338 |
_2rdacarrier _avolumen _bnc |
||